Quizzes
Events
Quiz Creation
Community
Videos
Private Events
Remove Ads
Sign In
Join for FREE
Feedback
Dark Mode
Quiz Categories
Sports
Geography
Music
Movies
Television
Just For Fun
Miscellaneous
History
Literature
Language
Science
Gaming
Entertainment
Religion
Holiday
For Kids
Quiz Lab
Recent
Popular Today
Quiz Kudos Today
Editor Picks
Curator Picks
Quizzes by...
Day
Popularity
Type
Ratings
Length
Year
Community
Subscriptions
Recent Discussions
Orange Saloon
Badges
Playlists
Quests
Create
Leaderboards
Showdown
Live 5
Trivia Bingo
Activity
Puzzle Library
Sporcle Events
Private Events
Virtual Trivia
Globe League
Become a Host
Pub Owners
SporcleCon
Opinionation
Our Games
Videos
Blog
Mobile Apps
Partnerships
Remove Ads and Go Orange
Feedback
Just For Fun
Clickable
Get the Picture
Humor
Quick Pick
Word Ladder
Missing Word
Mixed Word
Blitz
Minefield
This or That
Alphabet
Color
Typing
Sporcle
Puzzle
Word Play
Follow That Line
Logic
Just For Fun
Clickable
Get the Picture
Humor
Quick Pick
Word Ladder
Missing Word
Mixed Word
Blitz
Minefield
This or That
Alphabet
Color
Typing
Sporcle
Puzzle
Word Play
Follow That Line
Logic
Random Quiz
Search Sporcle
×
Curator Pick
Curator Pick
Just For Fun
Mixed Word
Type in answers that appear in a list
Type in answers that appear in a list
Classic
Best Score? Go Orange.
Mixed Word: Growing Cities Stats
Can you name the cities from their scrambled form?
By
ChicagoGuy88
3m
14 Questions
178 Plays
178 Plays
178 Plays
Comments
Comments
Give Quiz Kudos
Give Quiz Kudos
-
- Ratings
hide this ad
Replay
Link that replays current quiz
Next Quiz
Link to next quiz in quiz playlist
You Got
0%
They Got
Avg Score
72%
Avg Friend Score
Upgrade to see
Score Distribution
Jump to the score distribution portion of the page
Score
0/14
Timer
03:00
0
Plays Today
Scrambled
Unscrambled
% Correct
MEOR
ROME
98.3%
OQM
QOM
96.6%
SLO NESLAEG
LOS ANGELES
94.9%
UOLES
SEOUL
90.4%
OAS LAOPU
SAO PAULO
90.4%
OH HIC NHIM YICT
HO CHI MINH CITY
87.6%
INHUMC
MUNICH
84.3%
Scrambled
Unscrambled
% Correct
UNAVOECVR
VANCOUVER
81.5%
ENSBUO EIRSA
BUENOS AIRES
81.5%
NATSI SUEBPTESGR
SAINT PETERSBURG
62.9%
KIEHBKS
BISHKEK
57.9%
NUARJGEHBONS
JOHANNESBURG
47.8%
WTECLANSE PUNO NEYT
NEWCASTLE UPON TYNE
33.5%
IOSKNRPTERODVTP
DNIPROPETROTVSK
5.1%
Quiz Playlist
Details
Report
Send in Message
Add To Playlist
Classic:
Type in answers that appear in a list
Last Updated: Apr 11, 2017
Curator Pick in
Mixed Word
Quiz Scoreboard
CHALLENGE
Sign Up to Join the Scoreboard
Show All
Scores
Hide
Comments
May contain spoilers
Recently Published
Decade Duel: World Leaders
by jenniferyan
History
4m
Alphabetical 'K' Countries by Flag Minefield
by ylime102
Geography
3m
Pick 6: Fruits
by JohnFran
Miscellaneous
15s
More to Explore
Quiz From the Vault
Featured Blog Post
15 Basketball Trivia Facts You Can Be March Mad About
hide this ad
You Might Also Like...
Tags
City Quiz
Mixed Word Quiz
form
Growing
Mixed
scramble
Today's Top Quizzes in Just For Fun
Browse Just For Fun
hide this ad
Today's Top Quizzes in Mixed Word
Browse Mixed Word
Top Contributed Quizzes in Just For Fun
1
Seasons
2
Pick 6: Letters
3
Pick 6: Foods
4
Pick 6: Colors
5
Quick Pick: Spring Things
6
Four Seasons
7
Dragon Ball Z Logic Quiz
8
Just Another 1-25 Logic Puzzle
9
Minesweeper
10
Monopoly Spaces Logic Puzzle
Explore More
Trending Topics
Anime
Marvel
NBA
Kpop
Disney
Harry Potter
Crossword
NFL
Country
Pokémon
Soccer
The Office
WWE
Song
Puzzle
hide this ad
More By:
ChicagoGuy88
Quiz
Plays
Rating
Category
Featured
Created
US States (Redux)
1,359,189
3.91
Geography
May 22, 2012
Countries: North to South
209,579
4.13
Geography
Apr 21, 2017
Country City Match
96,494
4.35
Geography
Mar 9, 2013
Spanish Color Flashcards
81,678
4.27
Language
Jun 16, 2012
A Graded Logic Test
81,612
3.88
Miscellaneous
Apr 23, 2013
Go to Creator's Profile
Score Distribution
Quiz Creator Spotlight
ChicagoGuy88
Follow
Send a Message
Quizzes Created
-
Created Quiz Play Count
-
More By This Creator
Popular Quizzes Today
1
Countries of Asia Without Outlines Minefield
2
Find the US States - No Outlines Minefield
3
Pick 6: Fruits
4
Alphabetical 'K' Countries by Flag Minefield
5
The Countries of the World
6
Find the Countries of Europe - No Outlines Minefield
7
Find the US States
8
US States
More Just For Fun Quizzes
A 'This or That' Quiz
Published
Trending Quizzes
Pick 6: Mountains
Pick 6: Harry Potter
Pick 6: Flags
Pick 6: NFL Teams
Pick 6: Movie Franchises
Recently Updated
NWSL Teams
pecheneg
Women's Final Four Teams by Year
bhenderson79
Presidents Quartet II
eogle
Anything But Clue(do)
eogle
Anything But Oceanian Capitals
eogle
Anything But 7
eogle
Anything But Thing
eogle
Word Ladder: February 29
pecheneg
Song Title Questions
pecheneg
Women's NCAA Tournament #1 Seeds
pecheneg
Trending Topics
Disney
NBA
Crossword
Kpop
Marvel
Harry Potter
Anime
Puzzle
NFL
Country
Song
The Office
Soccer
WWE
Pokémon
Your Account Isn't Verified!
In order to create a playlist on Sporcle, you need to verify the email address you used during registration. Go to your
Sporcle Settings
to finish the process.
Report this User
Report this user for behavior that violates our
Community Guidelines
.
Details:
Send Report
Go to the Sporcle.com Mobile Site →
Comments